| 000 | 00525nam a2200169Ia 4500 | ||
|---|---|---|---|
| 008 | 090201s9999 xx 000 0 und d | ||
| 010 | _aKPL-23019 | ||
| 040 | _bमराठी | ||
| 041 | _aमराठी | ||
| 082 |
_a4472 _b23019 |
||
| 100 | _aम. स. पारखे | ||
| 245 |
_aजन्मदा भाग 1 _cम. स. पारखे |
||
| 260 |
_c2004 _bकमलाकर पारवे प्रकाशन |
||
| 300 |
_a269 _bमोठा |
||
| 600 | _aजन्मदा भाग 1 | ||
| 942 | _cBOOK | ||
| 999 |
_c205505 _d205505 |
||